000 00543nam a22001815i 4500
001 172043
003 ES-MaACL
005 20250816062552.0
008 090612s1928 fr |||| | fre d
080 _a7.01
100 1 _aSouriau, Etienne.
_9107574
245 1 2 _aL'avenir de l'Esthetique
_b: essai sur l'objet d'une science naissante /
_cEtienne Souriau.
260 _aParis :
_bFelix Alcan,
_c[1928]
300 _aVIII, 403 p. ;
_c22 cm.
650 7 _aEstética
_2embne
_9142387
852 _aES-MaACL
_jB-5954
999 _c172043
_d172043